| 000 | 01006cam a2200325 a 4500 | ||
|---|---|---|---|
| 999 |
_c7000 _d7000 |
||
| 001 | 542059 | ||
| 003 | OSt | ||
| 005 | 20210823123448.0 | ||
| 008 | 810813s1982 xxu|||| |||| 00||0|eng | ||
| 010 | _a81-13049 | ||
| 020 | _a9780471090588 | ||
| 020 | _a0471090581 | ||
| 040 |
_aDNLM _cDNLM |
||
| 041 | 0 | _aeng | |
| 060 | 0 | 0 |
_aQL 805 _bH642a 1982 |
| 082 | _aSF761H54a 1982 | ||
| 100 | 1 |
_aHildebrand, Milton, _d1918- _914356 |
|
| 245 | 1 | 0 |
_aAnalysis of vertebrate structure / _cMilton Hildebrand. |
| 250 | _a2nd ed. | ||
| 260 |
_aNew York : _bWiley, _cc1982. |
||
| 300 |
_axiv, 654 p. : _bill. |
||
| 336 |
_atext _btxt _2rdacontent |
||
| 337 |
_aunmediated _bn _2rdamedia |
||
| 338 |
_avolume _bnc _2rdacarrier |
||
| 504 | _aBibliography: p. [605]-619. | ||
| 650 | 2 |
_aAnatomy, Comparative _0https://id.nlm.nih.gov/mesh/D000717 _914357 |
|
| 650 | 2 |
_aVertebrates _xanatomy & histology _0https://id.nlm.nih.gov/mesh/D014714Q000033 _914358 |
|
| 942 |
_2ddc _cO_SHELF |
||